Loading...
Auditory Arts | 5 | 16.00 | 100% | 40% | 20% |
Beliefs | 8 | 17.50 | 100% | 50% | 25% |
Current Events | 3 | 23.33 | 100% | 100% | 33% |
Fine Arts - Other Arts | 6 | 10.00 | 67% | 33% | 0% |
History - American History | 4 | 20.00 | 100% | 100% | 0% |
History - Ancient History | 5 | 8.00 | 60% | 20% | 0% |
History - European History | 2 | 10.00 | 100% | 0% | 0% |
History - Other History | 1 | 30.00 | 100% | 100% | 100% |
History - World History | 6 | 15.00 | 100% | 50% | 0% |
Literature - American Literature | 6 | 15.00 | 100% | 33% | 17% |
Literature - British Literature | 7 | 14.29 | 100% | 29% | 14% |
Literature - European Literature | 4 | 12.50 | 100% | 25% | 0% |
Literature - World Literature | 4 | 17.50 | 100% | 75% | 0% |
Other Academic | 1 | 10.00 | 100% | 0% | 0% |
Philosophy | 5 | 6.00 | 60% | 0% | 0% |
Science - Biology | 4 | 17.50 | 100% | 50% | 25% |
Science - Chemistry | 4 | 12.50 | 100% | 25% | 0% |
Science - Other Science | 5 | 12.00 | 80% | 40% | 0% |
Science - Physics | 6 | 15.00 | 83% | 33% | 33% |
Social Science | 11 | 13.64 | 91% | 46% | 0% |
Visual Arts | 6 | 10.00 | 83% | 17% | 0% |